000 00274nam a22001337a 4500
008 171227b xxu||||| |||| 00| 0 eng d
020 _a0442203829
041 _aeng
080 _a573
100 _a11
101 _aBIO
245 _aCell Biology
_cAvers
942 _2udc
_cBK
999 _c39445
_d39445